| 000 | 00999nam a2200229 a 4500 | ||
|---|---|---|---|
| 001 | BRCA_8911 | ||
| 005 | 20190320210445.0 | ||
| 008 | 200617s1801----sp-#######---#000-0#lat-# | ||
| 041 | _alat | ||
| 044 | _asp | ||
| 084 |
_aCO73 _b.D48 1801 |
||
| 100 | 1 |
_aDevoti, Giovanni _cArzobispo de Cartago _d1744-1820 _922162 |
|
| 245 | 1 | 0 |
_aJoannis Devoti, dei et apostolicae sedis gratia episcopi ananiensis, institutionum canonicarum libri IV _btomus secundus: editio nova, etiam ipsis romanis editionibus revera correctior, atque emendatior. |
| 260 |
_aMatriti _bApud benedictum cano, typograhum _c1801 |
||
| 300 |
_aVI, 368 p. (t.2) _c21 x 15 cm |
||
| 500 | _aSuperiorum permissu | ||
| 500 | _aSe hallará en la librería de Fernández, frente á San Felipe el Real, y de Calleja, calle de Majaderitos | ||
| 500 | _aEstado físico: presenta encuadernación en pergamino con presencia del pez de plata | ||
| 650 | 1 | 4 |
_aDerecho canónico _yObras anteriores a 1900 _922163 |
| 902 | _aCFM | ||
| 942 |
_2lcc _cB |
||
| 999 |
_c8562 _d8562 |
||